00405nam a2200157Ia 4500003000400000008004100004040001600045082001900061245002300080260004600103300000700149650001300156650001600169650003700185650002500222GCL140319s9999 xx 000 0 eng d aGCL / cGCL04a629.13007bN C10aCHARLES A.LINBERGH a[S.N] : bNATIONAL HEADQUARTERS ، c1987 a2004aAVIATION04aAERONAUTICS04aAERONAUTICS - STUDY AND TEACHING04aCHARELS, A.LINDBERGH